Mrityunjaya the death conqueror (Record no. 96561)

MARC details
000 -LEADER
fixed length control field 00675nam a22002177a 4500
005 - DATE AND TIME OF LATEST TRANSACTION
control field 20151023111049.0
010 ## - LCCN (DPL NO)
LC control number ENG-114000
020 ## - INTERNATIONAL STANDARD BOOK NUMBER
Terms of availability 1000.00
International Standard Book Number 9789350450796
035 ## - SYSTEM CONTROL NUMBER
System control number EN-97532
037 ## - SOURCE OF ACQUISITION
Source of stock number/acquisition DBAD/PUB
Stock number dpl
082 ## - DEWEY DECIMAL CLASSIFICATION NUMBER
Classification number 230.1
100 ## - MAIN ENTRY--PERSONAL NAME
Personal name Sawant, Shivaji
245 ## - TITLE STATEMENT
Title Mrityunjaya the death conqueror
Statement of responsibility, etc by Shivaji Sawant
Remainder of title the story of Karna /
250 ## - EDITION STATEMENT
Edition statement 5th ed
260 ## - PUBLICATION, DISTRIBUTION, ETC. (IMPRINT)
Place of publication, distribution, etc Calcutta
Name of publisher, distributor, etc Writers Workshop
Date of publication, distribution, etc 2014
270 ## - ADDRESS
Address 162/92, Lake Garden,
City Calcutta
Postal code 700045
300 ## - PHYSICAL DESCRIPTION
Extent 697p.
Dimensions 22cm(Hb)
500 ## - GENERAL NOTE
General note Translation of: Mr̥tyuñjaya.
500 ## - GENERAL NOTE
General note On the life of Karṇa (Hindu mythology).
942 ## - ADDED ENTRY ELEMENTS (KOHA)
Source of classification or shelving scheme Dewey Decimal Classification
Item type English Books
Call number suffix SAW
Classification part 230.1
Holdings
Withdrawn status Lost status Not for loan Collection code Home library Current library Date acquired Source of acquisition Cost, normal purchase price Full call number Barcode Copy number Cost, replacement price Koha item type
    Not For Loan Non-fiction D.B.Act.Division D.B.Act.Division 31/08/2015 DBAD/Pub. 1000.00 230.1 SAW EN-97532 1 1000.00 English Books

© Delhi Public Library
Hit Counter
free hit counter